000 00795nam a2200241 4500
001 11580
003 HDC
007 cr bn ---aaaaa
008 210207c dr|noo 0 a eng d
040 _aHDC
245 0 _aMuslim Lifestyle Expo in London highlights largely untapped market
260 _a[No place] :
_bThe Guardian,
_c[no year]
336 _atext
_2rdacontent
337 _acomputer
_2rdamedia
338 _aonline resource
_2rdacarrier
650 _aMuslim consumers
_91443
650 _aMuslim lifestyle
_94223
710 _aThe Guardian
856 _zRequest full-text at [email protected]
942 _2lcc
942 _cNEWS
942 _kNWSO 002306
999 _c8903
_d8903